<?xml version="1.0" encoding="UTF-8"?>
<collection xmlns="http://www.loc.gov/MARC21/slim">
 <record>
  <leader>01119nam a22001931  4500</leader>
  <controlfield tag="001">1/19869</controlfield>
  <controlfield tag="008">931217s1984    gr a     b    000 0 gre d</controlfield>
  <datafield tag="035" ind1=" " ind2=" ">
   <subfield code="l">20450</subfield>
  </datafield>
  <datafield tag="040" ind1=" " ind2=" ">
   <subfield code="a">GR-PeUP</subfield>
  </datafield>
  <datafield tag="082" ind1="0" ind2="0">
   <subfield code="a">350.823 RE</subfield>
  </datafield>
  <datafield tag="245" ind1="1" ind2="0">
   <subfield code="a">Research in the fields of energy and the environment :</subfield>
   <subfield code="b">selected scientific articles of the Laboratory of Heat Transfer and Environmental Engineering. Vol. 2 /</subfield>
   <subfield code="c">Aristotle University Thessaloniki Department of Mechanical Engineering ; editor Prof. N. Moussiopoulos</subfield>
  </datafield>
  <datafield tag="260" ind1=" " ind2=" ">
   <subfield code="a">Thessaloniki :</subfield>
   <subfield code="b">ZITI,</subfield>
   <subfield code="c">2003</subfield>
  </datafield>
  <datafield tag="300" ind1=" " ind2=" ">
   <subfield code="a">153 p. :</subfield>
   <subfield code="b">tables, plans ;</subfield>
   <subfield code="c">24 cm.</subfield>
  </datafield>
  <datafield tag="650" ind1=" " ind2="4">
   <subfield code="a">Air quality management</subfield>
   <subfield code="z">Greece.</subfield>
  </datafield>
  <datafield tag="650" ind1=" " ind2="4">
   <subfield code="a">Atmosphere</subfield>
   <subfield code="x">Research</subfield>
   <subfield code="z">Greece</subfield>
   <subfield code="x">Proceedings.</subfield>
  </datafield>
  <datafield tag="650" ind1=" " ind2="4">
   <subfield code="a">Recycling (Waste, etc.)</subfield>
   <subfield code="z">Greece.</subfield>
  </datafield>
  <datafield tag="700" ind1="1" ind2=" ">
   <subfield code="a">Moussiopoulos, N.</subfield>
   <subfield code="e">ed.</subfield>
  </datafield>
  <datafield tag="710" ind1="1" ind2=" ">
   <subfield code="a">Αριστοτέλειο Πανεπιστήμιο Θεσσαλονίκης.</subfield>
   <subfield code="b">Τμήμα Μηχανολόγων Μηχανικών. Εργαστήριο μετάδοσης θερμότητας και περιβαλλοντικής μηχανικής.</subfield>
  </datafield>
  <datafield tag="852" ind1=" " ind2=" ">
   <subfield code="a">INST</subfield>
   <subfield code="b">UNIPILB</subfield>
   <subfield code="c">MAIN</subfield>
   <subfield code="e">20040709</subfield>
   <subfield code="h">350.823 RE</subfield>
   <subfield code="p">00140697</subfield>
   <subfield code="q">00140697</subfield>
   <subfield code="t">LOAN</subfield>
   <subfield code="y">0</subfield>
   <subfield code="4">1</subfield>
  </datafield>
 </record>
</collection>
